000
00219nam a22001097a 4500
999
_c
172436
_d
172436
082
_a
_b
100
_a
Shakespeare
245
_a
King Henry Fourth/
_c
by Shakespeare.
260
_a
_b
_c
650
_a
942
_c
BK